Представление документа в формате RUSMARC

ПолеНазваниеЗначение
  Тип записи a
  Библиографический уровень m
001 Контрольный номер admiBOOK00020397
005 Дата корректировки 20150217104839.7
010 Индекс ISBN __
a ISBN 978-5-4383-0024-3
d Цена 650,00
d Цена 680,00
100 Данные общей обработки __
a Данные общей обработки 19020213 |||y0 y0189 ca
101 Язык документа 0_
a Язык текста rus
105 Кодированные данные (монография) __
a Кодированные данные (монография) zy
200 Заглавие и сведения об ответственности 0_
a Заглавие Таможенное декларирование и предварительное информирование в электронной форме
e Сведения, относящиеся к заглавию учебное пособие
f Первые сведения об ответственности Ю.В. Малышенко
205 Сведения об издании __
b Дополнительные сведения об издании Рек. УМО
210 Выходные данные 1_
a Место издания СПб
c Издательство ИЦ Интермедия
d Дата издания 2014
215 Физическое описание __
a Объем 320с.
c Иллюстрации/тип воспроизводства ил.
606 Тематические рубрики __
a Основная рубрика Таможенная служба
x Основная подрубрика Вычислительная техника
610 Ключевые слова 0_
a Ключевые слова Декларация
a Ключевые слова Таможенное декларирование
a Ключевые слова Принципы электронного декларирования
a Ключевые слова Формы декларирования
a Ключевые слова Виды деклараций
686 Индексы других классификаций __
a Классификационный индекс 67.401.21
a Классификационный индекс 32.97
700 Автор _1
a Фамилия Малышенко
b Имя Ю.В.
852 Данные о местонахождении __
c Местонахождение стеллажа 67.401.21
c Местонахождение стеллажа 32.97
852 Данные о местонахождении __
b Сигла хранения ЧЗ_2
t Номер экземпляра 3
i Авторский знак М20
p Инвентарный номер 149924
p Инвентарный номер 150631
p Инвентарный номер 150632
j Шифр хранения 67.401.21
901 Тип документа __
t Тип документа m
911 __
u 952a=Учебное пособие
u 952p=2502
938 Служебная информация __
a Название организации Саранский филиал
b Имя БД OUTPUT.MRC_доп
c Название АИБС АИБС Библиотека